Proyecto de código de comercio presentado al Congreso Nacional por el Presidente de la República de Chile

Guardat en:
Dades bibliogràfiques
Format: Llibre
Idioma:espanyol
Publicat: Santiago Imprenta Nacional 1865
Edició:1a. ed
Col·lecció:Calle de la Moneda, 46
Matèries:
Etiquetes: Afegir etiqueta
Sense etiquetes, Sigues el primer a etiquetar aquest registre!

MARC

LEADER 00000cam a2200000 a 4500
001 UCE4468
003 CL-VaPUC
008 141023e18650000cl |||||||||||||||||spa|d
082 0 4 |a 346.8307  |b PRO  |2 21 
245 1 0 |a Proyecto de código de comercio presentado al Congreso Nacional por el Presidente de la República de Chile 
250 |a 1a. ed 
300 |a 347 p 
942 |c BK 
945 |d 20141023 15:21:00  |a arojas 
260 |a Santiago  |b Imprenta Nacional  |c 1865 
650 0 |a Derecho comercial   |9 256340 
650 0 |a Código de comercio   |9 329302 
650 0 |a Jurisprudencia  |9 255952 
650 0 |a Obligaciones   |9 255578 
650 7 |a DERECHO CHILENO  |2 CL-VaPUC  |9 577029 
650 0 |a Contratos  |9 255153 
650 7 |a SEGUROS  |2 CL-VaPUC  |9 577030 
650 0 |a Sociedades  |9 259052 
583 |a last modification  |c 20141023 15:21:00  |k Rodrigo Vera 
490 0 |a Calle de la Moneda, 46 
999 |c 357418  |d 357416 
952 |0 0  |1 0  |2 ddc  |3 erb  |4 0  |5 1  |6 346_830700000000000_PRO_1865  |7 1  |8 C_LRYV  |9 465394  |a FDOBRV  |b BIBDER  |i 5121213  |o 346.8307 PRO 1865  |p 5121213  |r 2023-01-25  |w 2019-11-23  |y BK_X  |z Catalogado en:20141023  |k BRV